|
|
|
|
| LEADER |
00000nab a2200000 ar4500 |
| 001 |
vtls008423433 |
| 003 |
SK-MaSNL |
| 005 |
20260303171643.0 |
| 008 |
060111c2005 xo wr|p|||||||000 b|slo |
| 015 |
|
|
|a SNBRB2006/01
|2 snkbucl
|
| 038 |
|
|
|a SNKBUCL
|
| 040 |
|
|
|a SNKBUCL
|b slo
|c SNKBUCL
|e AACR2
|
| 041 |
0 |
|
|a slo
|
| 044 |
|
|
|a xo
|c SK
|
| 080 |
|
|
|a 796.95.071
|2 1981
|
| 080 |
|
|
|a 929 Slávik, Jaroslav
|2 1981
|
| 100 |
1 |
|
|a Michnica, Jozef
|4 aut
|9 6897
|
| 245 |
1 |
0 |
|a Odmietol účasť na olympiáde
|c Jozef Michnica
|
| 300 |
|
|
|b Fotogr.
|
| 600 |
1 |
7 |
|a Slávik, Jaroslav, 1976-
|2 snkbucl
|9 177117
|
| 650 |
0 |
7 |
|a sánkarstvo
|2 snkbucl
|9 150709
|
| 773 |
0 |
|
|t Live
|g Roč. II., č. 49 (2005), s. 84-85
|x 1336-4650
|
| 852 |
|
|
|a SNK
|b KIS3GCP
|
| 958 |
|
|
|a BX
|
| 999 |
|
|
|c 2082686
|d 2084616
|